| Поле | Название | Значение |
| |
Тип записи |
a |
| |
Библиографический уровень |
a |
| 001 |
Контрольный номер |
RU/CBS_UL/BASE/0ec4047900ed4ff6963f3b7e5111695f |
| 005 |
Дата корректировки |
20250206155913.6 |
| 100 |
Данные общей обработки |
__ |
| a |
Данные общей обработки |
20250206 ||| 0rusy0189 ca |
| 101 |
Язык документа |
0_ |
| a |
Язык текста |
rus |
| 102 |
Страна публикации |
__ |
| a |
Страна публикации |
RU |
| 200 |
Заглавие и сведения об ответственности |
1_ |
| a |
Заглавие |
Охота на Никиту Хрущёва |
| e |
Сведения, относящиеся к заглавию |
[охрана Н. С. Хрущёва] |
| f |
Первые сведения об ответственности |
Д. Митюрин |
| 300 |
Общие примечания |
__ |
| a |
Общие примечания |
16+ |
| 461 |
Уровень набора |
_0 |
| 1 |
|
2000 |
| a |
|
Тайны СССР |
| 463 |
Уровень физической единицы |
_0 |
| 1 |
|
2000 |
| a |
|
№ 23 |
| v |
|
С. 18-20 : фото |
| 1 |
|
2101 |
| d |
|
2024 |
| 1 |
|
001RU/CBS_UL/BASE/bdb5ff4be3254fe2bfeaf08ced3cdeaf |
| 600 |
Персоналии |
_1 |
| a |
Персоналии (Фамилия) |
Хрущёв |
| b |
Персоналии (Имя, инициалы) |
Н. С. |
| 606 |
Тематические рубрики |
0_ |
| a |
Основная рубрика |
Хрущёв, Никита Сергеевич (1894-1971) |
| 610 |
Ключевые слова |
0_ |
| a |
Ключевые слова |
первые лица СССР |
| 610 |
Ключевые слова |
0_ |
| a |
Ключевые слова |
первые секретари ЦК КПСС |
| 610 |
Ключевые слова |
0_ |
| a |
Ключевые слова |
комитет государственной безопасности |
| 610 |
Ключевые слова |
0_ |
| a |
Ключевые слова |
КГБ |
| 610 |
Ключевые слова |
0_ |
| a |
Ключевые слова |
охрана первых лиц страны |
| 610 |
Ключевые слова |
0_ |
| a |
Ключевые слова |
безопасность первых лиц страны |
| 610 |
Ключевые слова |
0_ |
| a |
Ключевые слова |
зарубежные визиты первых лиц страны |
| 610 |
Ключевые слова |
0_ |
| a |
Ключевые слова |
антисоветские молодёжные организации |
| 686 |
Индексы других классификаций |
__ |
| 2 |
Код системы |
rubbk |
| a |
Классификационный индекс |
63.3(2)632 |
| 700 |
Автор |
_1 |
| a |
Фамилия |
Митюрин |
| b |
Имя (инициалы) |
Д. |
| 801 |
Источник записи |
_0 |
| a |
Страна |
RU |
| b |
Организация |
МБУК ЦБС г. Ульяновска |
| c |
Дата составления |
20250206 |
| g |
Правила каталогизации |
RCR |
| 801 |
Источник записи |
_1 |
| a |
Страна |
RU |
| b |
Организация |
МБУК ЦБС г. Ульяновска |
| c |
Дата составления |
20250206 |
| g |
Правила каталогизации |
RCR |
| 901 |
Тип документа |
__ |
| t |
Тип документа |
f |
| w |
Контрольный № источника |
RU/CBS_UL/BASE/bdb5ff4be3254fe2bfeaf08ced3cdeaf |
| 909 |
Создатель записи |
__ |
| a |
Создатель записи |
lib2 |